00664nam a22001577a 4500003000900000008004100009040007100050082003200121100001900153245003500172260003700207300002700244505018300271650002700454650002500481AR-CdUCM190416b ||||| |||| 00| 0 spa d aMUNICIPALIDAD PROVINCIAL DEL CUSCOcBIBLIOTECA MUNICIPAL DEL CUSCO 22ed.a349.853 /bS66 / 1950 aSolano, Susana aEl indígena y la ley penal / aLima :bImpr. D. Miranda,c1950. a23 páginas ;c25 cm. aContenido: El indígena y la ley penal -- Delitos contra el orden publico -- Delitos contra las leyes administrativas -- Medios para prevenir el delito entre los indígenas ... aIndígenas del Perú aCondiciones sociales